000 00356nam a2200157Ia 4500
001 14920
003 IN-NITTTR
005 20251114233140.0
008 251113s9999||||xx |||||||||||||| ||eng||
040 _beng
040 _cIN-NITTTR
041 _aeng
082 _a612 I6
245 4 _aThe illustrated encyclopedia of the human body. /
942 _2ddc
_cBK
999 _c17556
_d17556